000 00335nam a2200121 a 4500
005 20141022142000.0
008 080915s19uu xx 00 eng d
050 _aVHS
_bB74 2004
245 _aBreastfeeding & family planning: method goals vital decisions.
650 _aVHS.
650 _aMethod goals vital decisions.
942 _cAVM
999 _c276229
_d276229